[Event "World Cup"]
[Site "Khanty-Mansiysk"]
[Date "2009.11.21"]
[Round "1.1"]
[White "Bezgodov, Alexei"]
[Black "Ivanchuk, Vassily"]
[Result "0-1"]
[WhiteElo "2484"]
[BlackElo "2739"]
[Annotator "Kritz,L"]
[PlyCount "80"]
[EventDate "2009.11.21"]
[EventType "k.o."]
[EventRounds "7"]
[EventCountry "RUS"]
[SourceTitle "CBM 134"]
[Source "ChessBase"]
[SourceDate "2010.01.18"]
[SourceVersion "1"]
[SourceVersionDate "2010.01.18"]
[SourceQuality "1"]

1. e4 e6 2. d4 d5 3. Nc3 Nf6 4. Bg5 $6 {Von den beiden Alternativen 4.Bg5 und
4.e5 ist das eindeutig die schlechtere Wahl. Schwarz gleicht sehr leicht aus,
wenn er in die Rubinstein-Variante reinkommt, wie es in der Partie geschah.} (
4. e5 Nfd7 5. f4 c5 6. Nf3 Nc6 7. Be3 $14 {führt zu komplexem Spiel mit
Chancen für beide Seiten.}) 4... dxe4 $1 {Die beste Fortsetzung aus
theoretischer Sicht. Schwarz gleicht problemlos aus. Andere Alternativen
führen zu kompliziertem Spiel mit besseren Chancen für Weiß.} (4... Be7 5. e5
Nfd7 6. Bxe7 Qxe7 7. f4 a6 8. Nf3 c5 9. Qd2 Nc6 10. dxc5 Qxc5 11. O-O-O $14 {
Eine typische französische Stellung, in der Weiß einen stabilen Vorteil hat,
weil der schwarze Läufer c8 schlecht ist.}) (4... Bb4 {ist die aggressivste
Fortsetzung.} 5. e5 h6 6. Bd2 (6. exf6 $2 hxg5 7. fxg7 Rg8 8. Qh5 Qf6 $15) 6...
Bxc3 7. bxc3 Ne4 8. Qg4 g6 9. Bd3 Nxd2 10. Kxd2 c5 11. h4 $36) 5. Nxe4 Nbd7 ({
Schlechter ist} 5... Be7 6. Bxf6 Bxf6 7. Nf3 O-O 8. Qd2 Nd7 9. O-O-O b6 10. Bd3
Bb7 11. h4 $14 {Weiß hat bessere Aussichten am Königsflügel als Schwarz hat am
Damenflügel.}) 6. Nxf6+ (6. Nf3 {ist Zugumstellung:} h6 7. Nxf6+ Nxf6 {-> 6.
Nxf6}) 6... Nxf6 7. Nf3 h6 8. Be3 ({Zu gleichem Spiel führt} 8. Bh4 c5 9. Bb5+
Bd7 10. Bxd7+ Qxd7 11. Qe2 (11. Bxf6 gxf6 12. dxc5 Bxc5 13. Qxd7+ Kxd7 14. Ke2
Rhd8 15. Rhd1+ Kc6 16. Rxd8 Rxd8 $11 {Sulskis - Vaganian (Gothenburg, 2005)})
11... cxd4 12. O-O-O Bc5 13. Qe5 Qe7 14. Nxd4 O-O 15. Rhe1 Rfd8 $11 {Anand - M.
Gurevich (Bastia, 2004)}) ({Auch nichts bringt} 8. Bxf6 Qxf6 9. Bb5+ c6 (9...
Bd7 $5 {vielleicht kann Schwarz so auch ausgleichen} 10. Bxd7+ Kxd7 11. Ne5+
Kc8 12. O-O Bd6 13. Qe2 c6 $11) 10. Bd3 Bd6 11. Qe2 Bd7 12. O-O O-O 13. Ne5
Rad8 14. f4 g6 15. Rf3 c5 $132 {Sutovsky - Akopian (Moscow, 2002)}) 8... Nd5 9.
Qd2 (9. Bd3 Nxe3 10. fxe3 Bd6 11. e4 e5 12. dxe5 Bc5 13. Bb5+ c6 14. Qxd8+ Kxd8
15. Bc4 Ke7 {Leko - Ivanchuk (Morelia/Linares, 2007). und Schwarz konnte das
Endspiel trotz des Minusbauern leicht halten.}) 9... Bd7 ({Schwarz kann auch} 
9... Bd6 {spielen} 10. O-O-O Qe7 11. Bd3 Bd7 12. Be4 Nf6 13. Bd3 (13. Bxb7 $2
Rb8 14. Ba6 Ba3 $19) 13... Nd5 14. c4 Nxe3 15. Qxe3 c5 16. Be4 O-O-O $11 {
Nakamura - Akobian (Miami, 2007)}) 10. Bd3 Bd6 11. O-O (11. O-O-O Qe7 {-> 9....
Bd6}) 11... Qe7 12. c4 (12. Ne5 Bxe5 13. dxe5 O-O 14. Rad1 Rad8 $11) 12... Nxe3
13. Qxe3 ({Ebenfalls keinen Vorteil bekommt Weiß nach dem Nehmen mit dem
Bauern:} 13. fxe3 c5 14. Rad1 Bc6 15. Qc2 Bxf3 16. Rxf3 O-O 17. Bf1 {1/2-1/2
Almasi - Savchenko (Neukoelln, 2005)}) 13... c5 14. Rad1 Rd8 15. Rfe1 $6 {
Weiß spielt sehr langsam. Schwarz hat das Läuferpaar, und damit im langen
Spiel einen positionellen Vorteil. Daher sollte Weiß das Geschehen auf dem
Brett forcieren.} (15. Bc2 $5 Bc6 (15... O-O $2 16. dxc5 Bxc5 17. Qe4 g6 18.
Qxb7 $16) 16. dxc5 $1 Bxc5 17. Rxd8+ Kxd8 (17... Qxd8 $4 18. Qxc5 $18) 18. Nd4
e5 (18... Bxd4 $4 19. Qxd4+ Kc7 20. Qxg7 $18) (18... Kc7 $2 19. Qe5+ Bd6 20.
Qxg7 $18) (18... Kc8 19. Nxc6 bxc6 20. Qf3 $14) 19. Nxc6+ bxc6 20. Rd1+ Kc7 $11
{Schwarz hat eine etwas schlechtere Bauernstruktur, da er jedoch im nächsten
Zug Rd8 spielt und die Türme tauscht, wird das Endspiel mit ungleichfarbigen
Läufern nicht zu gewinnen sein.}) 15... b6 $1 {Schwarz bereitet die kurze
Rochade vor.} (15... O-O 16. Qe4 g6 17. Qxb7 Rb8 18. Qxa7 $14) 16. Qe4 cxd4 (
16... g6 17. dxc5 Bxc5 18. Qf4 $14 {Schwarz hat immer noch Schwierigkeiten zu
rochieren.}) 17. Nxd4 {Es droht Nc6} Qf6 18. Nf5 (18. Nc6 Bxc6 19. Qxc6+ Ke7
$11 {Schwarz hat nichts zu befürchten.}) 18... Bc5 19. Re2 {Verteidigt das
Feld f2.} g6 20. Ne3 O-O {Schwarz hat sein größtes Problem gelöst und steht
damit zumindest nicht schlechter.} 21. Ng4 Qg5 22. Ne5 Bc8 23. h4 $2 (23. g3 {
führt zu gleichem Spiel.}) 23... Qf6 $6 (23... Qh5 $1 {wäre viel stärker
gewesen - alle weißen Figuren stehen unter Druck.} 24. Nf3 (24. Red2 Rd4 $19)
24... Qf5 $1 25. Ree1 Rd6 26. Qxf5 gxf5 27. Be2 Rfd8 $17) 24. Nf3 $2 {Beide
Gegner machen sehr viele Fehler, wahrscheinlich kam die Zeitnot näher.} (24. b4
$1 {wäre die beste Chance.} Bxb4 25. h5 Bc5 26. hxg6 fxg6 27. Qxg6+ Qxg6 28.
Nxg6 Rf6 29. Ne5 $132) 24... Rfe8 (24... Qf5 $5 $15 {-> 23....Qh5}) (24... Rd7
$1 {führt zu sehr großem Vorteil - Schwarz hat gleich zwei Ideen: Bb7 und Rfd8.
}) 25. a3 $2 {Jeder Zug ein Fehler! Besser war 25.h5, wobei auch dann Schwarz
besser steht.} (25. h5 e5 $1 26. hxg6 Bf5 $1 27. Qxf5 (27. gxf7+ Qxf7 28. Qxf5
Qxf5 29. Bxf5 Rxd1+ $17) 27... Qxf5 28. Bxf5 Rxd1+ $17) 25... a5 $2 (25... e5
$1 {und Schwarz gewinnt! Es gibt keine Verteidigung gegen Bf5.} 26. g4 Rd7 $19
{/\Bb7}) 26. g4 Qe7 27. Red2 e5 $1 {Endlich! Schwarz aktiviert seinen
weißfeldrigen Läufer und gewinnt sehr schnell.} 28. Bc2 Rxd2 29. Rxd2 (29. Nxd2
Qxh4 $19) 29... Bb7 30. Rd5 (30. Qe2 e4 31. Nd4 e3 32. fxe3 Qxh4 $19) 30... Qf6
$19 {Schwarz hat genug Zeit, er muss das Qualität nicht gleich nehmen. Der
Rest ist Sache der Technik.} 31. h5 gxh5 32. gxh5 Kf8 33. b4 axb4 34. axb4 Bxb4
35. Nxe5 Qg5+ 36. Kf1 Qc1+ 37. Kg2 Bxd5 38. Nd7+ Kg8 39. Qxd5 Qg5+ 40. Kf3 Bc5
0-1

[Event "Tata Steel-A 74th"]
[Site "Wijk aan Zee"]
[Date "2012.01.22"]
[Round "8"]
[White "Caruana, Fabiano"]
[Black "Ivanchuk, Vassily"]
[Result "1/2-1/2"]
[WhiteElo "2736"]
[BlackElo "2766"]
[Annotator "Kritz,L"]
[PlyCount "42"]
[EventDate "2012.01.14"]
[EventType "tourn"]
[EventRounds "13"]
[EventCountry "NED"]
[EventCategory "21"]
[SourceTitle "CBM 147"]
[Source "ChessBase"]
[SourceDate "2012.03.16"]
[SourceVersion "1"]
[SourceVersionDate "2012.03.16"]
[SourceQuality "1"]

1. e4 e6 2. d4 d5 3. Nc3 Nf6 {Heutzutage wird dieser Zug zumindest genauso oft
gespielt wie 3...Bb4.} 4. Bg5 {Wenn sich das auch überraschend anhört, aber
dieser Zug führt zu Vereinfachungen und problemlosen Ausgleich für Schwarz.} (
4. e5 $1 {Wenn man als Weißspieler die Hauptvariante spielt, dann muss man 4.
e5 ziehen.} Nfd7 5. f4 c5 6. Nf3 Nc6 7. Be3 a6 (7... Be7 8. Qd2 O-O 9. Be2 a6
10. O-O b5 11. a3 $14 {mit interessantem Spiel, aber die Chancen von Weiß sind
doch etwas besser.}) (7... Qb6 8. Na4 Qa5+ 9. c3 cxd4 10. b4 Nxb4 11. cxb4
Bxb4+ 12. Bd2 Bxd2+ 13. Nxd2 $14 {und wieder hat Weiß Vorteil.}) (7... cxd4 8.
Nxd4 Bc5 9. Qd2 O-O 10. O-O-O a6 11. Qf2 $14) 8. Qd2 b5 9. a3 Qb6 10. Ne2 $14 {
Die Stellung von Weiß ist etwas angenehmer.}) 4... dxe4 $1 {Das ist der Grund,
warum 4.Bg5 zu nichts führt. Wenn Schwarz im 3. Zug genommen hätte, dann hätte
Weiß später nicht Bg5 spielen müssen.} (4... Be7 $6 5. e5 Nfd7 6. Bxe7 Qxe7 7.
f4 a6 8. Nf3 c5 9. Qd2 $14 {Offensichtlich hat Weiß die bessere Stellung, weil
Schwarz seinen guten Läufer abgetauscht und den schlechten Läufer c8 behalten
hat.}) (4... Bb4 $5 {Das ist immer eine interessante Fortsetzung, wenn man auf
Konter spielen möchte.} 5. e5 h6 6. Bd2 Bxc3 7. bxc3 Ne4 8. Qg4 g6 9. Bd3 Nxd2
10. Kxd2 $14 {Und trotz dass der weiße König im Zentrum steckt, hat Weiß
soliden Vorteil, weil Schwarz unterentwickelt ist, einen schlechten Läufer hat
und sein Königsflügel kompromittiert ist.}) 5. Nxe4 Nbd7 {Richtige Variante
gewählt. Nicht so toll sieht 5...Be7 aus.} (5... Be7 6. Bxf6 gxf6 7. Nf3 a6 8.
g3 b5 9. Bg2 Bb7 10. Qe2 $14) 6. Nf3 h6 {Das ist eine bekannte Variante.} 7.
Nxf6+ (7. Bh4 Be7 8. Nxf6+ Bxf6 9. Bxf6 Qxf6 10. Bd3 c5 $11 {Schwarz hat keine
Schwierigkeiten.}) 7... Nxf6 8. Bh4 (8. Be3 $5 {Das ist eine Betrachtung wert.
Doch auch hier kann Schwarz ohne Mühe ausgleichen.} Nd5 9. Bd3 (9. Bd2 c5 10.
Bb5+ Bd7 11. Bxd7+ Qxd7 12. c4 Nb6 13. Rc1 Be7 14. dxc5 Bxc5 15. b4 Be7 16. c5
Nd5 17. Ne5 Qc7 18. Qa4+ Kf8 19. f4 g6 20. O-O Kg7 $11 {Shirov - Wang Hao 
(Moscow, 2010)}) 9... Nxe3 10. fxe3 Bd6 11. e4 e5 12. dxe5 Bc5 13. Bb5+ c6 14.
Qxd8+ Kxd8 15. Bc4 Ke7 $11 {Leko - Ivanchuk (Morelia/Linares 2007)}) 8... c5 $1
{Schwarz muss so schnell wie möglich zu ...c5 kommen, so dass Weiß keine Zeit
hat, seine Initiative zu entwickeln.} (8... Be7 9. Bd3 O-O 10. Qe2 c5 11. dxc5
Qa5+ 12. c3 Qxc5 13. O-O-O $14 {Hier hat Schwarz viel Zeit verloren, und Weiß
steht etwas besser.}) 9. Bc4 {Auch nichts bringt 9.Bb5.} (9. Bb5+ Bd7 10. Bxd7+
Qxd7 11. Bxf6 (11. Qe2 Be7 12. O-O-O O-O 13. dxc5 Qc6 14. Ne5 Qxc5 15. Bxf6
Bxf6 16. Nd7 Bxb2+ 17. Kxb2 Qb4+ 18. Kc1 Qa3+ $11 {Es ist zu riskant für den
König nach d2 zu gehen:} 19. Kd2 Rfc8 $1 20. Ke1 Qxa2 21. c3 Qa5 $44 {Schwarz
gewinnt den dritten Bauer und faengt an, seine Bauern a und b nach vorne zu
bewegen.}) 11... gxf6 12. dxc5 Bxc5 13. Qxd7+ Kxd7 14. Ke2 Ke7 $11 {Weiß hat
sicherlich keinen Vorteil.}) 9... cxd4 10. O-O {Üblicherweise will Weiß nicht
auf d4 nehmen, sondern erst rochieren und dann Rd1-Rxd4 spielen.} (10. Nxd4 Be7
11. O-O O-O 12. Re1 Qb6 13. Bb3 a5 14. a4 Rd8 15. c3 Nd5 16. Bg3 Bf6 $11 {
Ponomariov - Bareev (Moscow, 2001)}) (10. Qxd4 Qxd4 11. Nxd4 a6 $11 {Es ist
klar, dass Schwarz in so einem Endspiel nichts zu befürchten hat.}) 10... Be7
11. Qe2 Nd7 $5 {Interessante Neuerung. In der Hauptvariante hatte Schwarz
zuletzt Schwiriegkeiten gehabt.} (11... O-O 12. Rad1 Qb6 13. Nxd4 Qxb2 14. Nf5
exf5 15. Qxe7 $44 {Weiß hat offensichtlich gute Kompensation.}) 12. Bxe7 Qxe7
13. Rad1 {Das macht offensichtlich Sinn, Weiß will die Türme auf der d-Linie
verdoppeln.} (13. Nxd4 O-O 14. Rad1 Nf6 15. Rfe1 Bd7 $11 {Wenn der Läufer
draußen ist, dann ist der Ausgleich da.}) 13... O-O 14. Rxd4 Nf6 15. Rfd1 (15.
Ne5 b6 16. Rfd1 {führt nur zu Zugumstellung.}) 15... b6 16. Ne5 Qc7 {Schwarz
muss noch Zeit verlieren, trotzdem kann Weiss nicht viel machen.} (16... Bb7
17. Rd7 $1 Nxd7 18. Rxd7 Qc5 19. Rxb7 $18) 17. h3 {Das ist zu langsam. Man
darf dem Gegner in so einer Stellung keine Sekunde Zeit schenken. Aber auch
wenn Weiß aktiver gespielt hätte, würde er zu keinem Vorteil kommen.} (17. Bb5
$5 Bb7 18. Nd7 Nxd7 19. Rxd7 Qc8 $11 {Es sieht alles wunderbar aus, doch die
Frage ist, was will Weiß jetzt machen? Im nächsten Zug spielt Schwarz ...a6,
und danach ...Bc6, und Weiß wird im Endeffekt nichts haben.}) 17... Bb7 $11 {
Noch ein Zug und Schwarz spielt einfach Bd5.} 18. Rd7 $1 {Die beste Chance für
Weiß!} Qc8 $1 {Sehr kaltblütig und auch richtig.} (18... Nxd7 19. Rxd7 Qc8 20.
Bxe6 $1 fxe6 21. Qg4 Qxd7 22. Nxd7 $16 {Dame und Springer sind sehr stark,
wenn sie zusammen arbeiten.}) 19. Nxf7 (19. Re7 Bd5 $1 20. Bxd5 exd5 $1 $11 {
Das einfachste. Nun spielt Schwarz ...Qc5, ...Re8 und gleicht die Stellung aus.
}) 19... Nxd7 20. Nxh6+ (20. Qxe6 Nf6 21. Nd6+ Qxe6 22. Bxe6+ Kh7 23. Nxb7 Rae8
$13 {Dieses Endspiel ist sehr unklar.}) (20. Nd6 Qc6 21. Bxe6+ Kh8 22. Nxb7
Rae8 $1 $13 {Die Stellung ist wieder zweischneidig.}) 20... Kh7 21. Qh5 Nf6 (
21... Nf6 22. Bd3+ Kh8 23. Nf7+ Kg8 24. Nh6+ $11) 1/2-1/2

[Event "New York Generation"]
[Site "New York"]
[Date "2003.04.25"]
[Round "3"]
[White "Perelshteyn, Eugene"]
[Black "Yudasin, Leonid"]
[Result "1-0"]
[WhiteElo "2461"]
[BlackElo "2558"]
[Annotator "Lukacs,P"]
[PlyCount "55"]
[EventDate "2003.04.23"]
[EventType "tourn"]
[EventRounds "9"]
[EventCountry "USA"]
[EventCategory "10"]
[SourceTitle "CBM 095"]
[Source "ChessBase"]
[SourceDate "2003.07.25"]
[SourceVersion "1"]
[SourceVersionDate "2003.07.25"]
[SourceQuality "1"]

1. e4 c6 2. d4 d5 3. Nc3 dxe4 4. Nxe4 Nd7 5. Ng5 Ngf6 6. Bd3 e6 7. N1f3 Bd6 8.
Qe2 h6 9. Ne4 Nxe4 10. Qxe4 Nf6 11. Qe2 c5 12. dxc5 Bxc5 (12... Qa5+ 13. Bd2
Qxc5 {allows} 14. O-O-O {although after} Bd7 15. Kb1 O-O-O {the black K
follows his counterpart.} 16. Be3 Qa5 17. Bd4 Bc6 $11 {Emms-Velicka, Maidstone
Menchik op 1994}) 13. O-O (13. Bd2 {/\ 0-0-0 is White's main idea.} O-O (13...
Qb6 14. O-O-O {White is not afraid of sacrificing the f P for a big lead of
development.} (14. O-O {is less dangerous.} a5 {against b2-b4} 15. Ne5 O-O 16.
Qf3 Qc7 17. Rae1 Bd6 18. Nc4 $1 Bxh2+ 19. Kh1 Bd7 20. Bxh6 Bc6 21. Qh3 Bf4 22.
Bxf4 Qxf4 $11 {Balinov-Schroll, Vienna Waehring op-A 1998}) 14... Bd7 15. Ne5
Bc6 16. Kb1 Bd5 17. Bc3 Rc8 $6 18. Bb5+ $1 Kf8 19. Nd7+ Nxd7 20. Bxd7 Rd8 21.
Ba4 f6 22. Bb3 $14 {Benjamin-Orlov, USA-ch 1994}) 14. O-O-O Qc7 15. g4 {
The signal for the -> against the black K.} e5 16. g5 hxg5 17. Bxg5 e4 18. Bxe4
Re8 19. Bxf6 Qf4+ 20. Nd2 Qxf6 21. Qh5 Bd4 22. c3 Rxe4 23. Nxe4 Qf4+ 24. Rd2 $1
{is the improvement!} (24. Nd2 Bg4 25. Qd5 Bxd1 26. Qxd4 Qxd4 27. cxd4 Bg4 28.
Ne4 {1/2:1/2 Smirin-Kharitonov, SU-FL Sverdlovsk 1987}) 24... Qxe4 25. Rxd4
Qxh1+ 26. Kc2 Bg4 (26... Bf5+ 27. Qxf5 Qxh2 28. Rd7) 27. Rxg4 $16) 13... O-O
14. c4 (14. Bf4) (14. h3 {cannot be a serious alternative.} b6 15. Re1 Bb7 16.
Be3 Qc7 17. c3 Rad8 $11 {Marjanovic-Ivanovic, YUG-ch Tivat 1994}) 14... b6 15.
b3 (15. Rd1 Qc7 16. h3 {is again very modest.} Bb7 17. Ne5 Rad8 18. Bf4 Rd4 $1
19. Bh2 Rfd8 20. Bc2 Qc8 $15 {Mari Arul-Ravi, IND-ch Kasaragod 1996}) (15. Bf4
Bb7 16. Rad1 Qe7 17. Ne5 Rfd8 $11) 15... Bb7 16. Bb2 Qe7 17. Rad1 Rfd8 18. Ne5
{[%mdl 8192] In this type of positions Black usually equalizes.} Kf8 $4 {
[#] This is a horrible blunder from a calibre of Yudasin!} (18... a6 $11) 19.
Bg6 $1 Qc7 {This loses outright.} (19... Bxg2 $1 {was the best chance for a
fight.} 20. Kxg2 (20. Bxf7 Bxf1 21. Rxf1 Qd6) (20. Rxd8+ Rxd8 21. Kxg2 Qb7+)
20... Qb7+ 21. f3 fxg6 22. Nxg6+ Kf7 23. Nf4 $16) 20. Bxf7 $18 Rxd1 21. Rxd1
Rd8 22. Rxd8+ Qxd8 23. Bxe6 Qe8 24. Bf5 Kg8 25. Bg6 Qa8 26. Nd7 Ne4 27. Bxe4
Bxe4 28. Qg4 1-0

[Event "World Cup"]
[Site "Khanty-Mansiysk"]
[Date "2007.11.24"]
[Round "1.1"]
[White "Macieja, Bartlomiej"]
[Black "Laznicka, Viktor"]
[Result "1-0"]
[WhiteElo "2606"]
[BlackElo "2610"]
[Annotator "Macieja,B"]
[PlyCount "35"]
[EventDate "2007.11.24"]
[EventType "k.o."]
[EventRounds "7"]
[EventCountry "RUS"]
[SourceTitle "CBM 122"]
[Source "ChessBase"]
[SourceDate "2008.01.30"]
[SourceVersion "1"]
[SourceVersionDate "2008.01.30"]
[SourceQuality "1"]

1. e4 e6 2. d4 d5 3. Nc3 dxe4 4. Nxe4 Nd7 5. Nf3 Ngf6 6. Nxf6+ Nxf6 7. Bg5 h6
8. Bh4 c5 9. Bb5+ Bd7 10. Bxd7+ Qxd7 11. Qe2 {An interesting idea, chosen in
the past by several strong players, including Fischer, Timman, Anand, Ivanchuk,
Leko, Svidler. It can be played with or without the inclusion of h6-Bh4.} cxd4
({Another main possibility for Black is} 11... Be7 12. O-O-O (12. dxc5 O-O 13.
O-O (13. Ne5 Qd4 $11) 13... Bxc5 14. Rfd1 Qc7 15. Bxf6 gxf6 16. Rd3 Rfd8 17.
Rad1 Rxd3 18. Rxd3 Rd8 $11) 12... O-O 13. dxc5 (13. Kb1 Qc7 $1 14. dxc5 Qxc5
15. Ne5 Rfd8 16. Bxf6 Bxf6 17. Nd7 Qe7 18. Qb5 a6 19. Nxf6+ (19. Qxb7 $4 Rdb8
$19) 19... Qxf6 20. Qb6 (20. Rxd8+ Rxd8 21. Qxb7 Qxf2 $13) 20... Qe7 $11) 13...
Qa4 $1 (13... Qc6 14. Ne5 Qxc5 (14... Qxg2 15. Nd7 Nxd7 (15... Rfd8 $4 16.
Nxf6+ Bxf6 17. Bxf6 Rxd1+ 18. Qxd1 gxf6 19. Rg1 $18) 16. Bxe7 Rfe8 17. Rhg1 Qc6
18. Bd6 $14) 15. Bxf6 Bxf6 16. Nd7 Qg5+ (16... Bxb2+ 17. Kxb2 Qb4+ 18. Kc1 Qa3+
19. Kd2 Rfc8 (19... Qb4+ $2 20. c3 Qb2+ 21. Ke3 $18) 20. c4 Qxa2+ 21. Ke3 Qxe2+
(21... Qxc4 $4 22. Nf6+ $3 gxf6 23. Rd8+ $18) 22. Kxe2 Rxc4 $14) 17. Kb1 Rfd8
18. Rhf1 $1 $14) 14. Kb1 Rac8 $1 15. Rd4 (15. Bxf6 Bxf6 16. Ne5 Bxe5 17. Qxe5
Qb5 $11) 15... Qc6 16. Rhd1 Qxc5 17. Ne5 Rfd8 18. Rxd8+ Rxd8 19. Rxd8+ Bxd8 $11
) 12. O-O-O Bc5 (12... Be7 $6 13. Rxd4 $14) 13. Qe5 {This is more agressive
than} (13. Nxd4 Bxd4 14. Bxf6 gxf6 15. c3 Rc8 16. Kb1 Qc6 17. Rxd4 Ke7 18. Rhd1
Rhd8 19. Qd2 Rxd4 20. Qxd4 a5 $1 $11) 13... Be7 {The most solid move, though
not the only possibility.} (13... Qe7 $6 {is too passive} 14. Nxd4 O-O 15. Rhe1
Rfd8 16. f4 $14 Rd5 $4 17. Qxd5 exd5 18. Rxe7 Bxe7 19. Nf5 $18) ({However, an
interesting option is} 13... Rc8 $5 {White has to be careful, as after the
careless} 14. Bxf6 gxf6 15. Qxf6 Rg8 16. Nxd4 Qa4 $1 17. Kb1 Bxd4 18. Qxd4 Qxd4
19. Rxd4 Rxg2 {Black is already better.}) 14. Nxd4 Qa4 (14... Rc8 {seems to be
playable as well, for instance} 15. Kb1 Rc5 $1 16. Qb8+ Rc8 17. Qg3 (17. Qxa7
Bc5 18. Qa5 Bxd4 19. Bxf6 gxf6 20. c3 Bxc3 21. Qxc3 Rxc3 22. Rxd7 Kxd7 23. bxc3
$11) 17... g5 18. Qb3 $1 (18. Nf5 $2 Qa4 $1 19. Nxe7 gxh4 20. Qd6 Ne4 21. Nxc8
Nxd6 22. Nxd6+ Ke7 $17) 18... Qd5 $1 (18... gxh4 19. Nb5 Qc6 (19... Nd5 20. c4
$16 a6 $140 21. Nc3 $1) 20. Nxa7 Qc4 21. Nxc8 Qxc8 22. Qa4+ Kf8 23. Qxh4 $14)
19. Qxd5 Nxd5 20. Bg3 O-O $11) 15. Qc7 $5 {The only attempt to fight for an
advantage and a very tricky move.} (15. Kb1 O-O 16. Qb5 Qxb5 17. Nxb5 a6 $11)
15... Rd8 $4 (15... Qxa2 $4 16. Nc6 $1 $18) (15... Qd7 $4 16. Nxe6 $1 Qxe6 17.
Rhe1 $18) ({It is possible not to lose immediately after} 15... Qa6 16. Rhe1
Qb6 17. Qxb6 axb6 18. a3 $14) ({However, the real solution is} 15... Nd5 $1 16.
Qxb7 O-O 17. Bxe7 Rab8 18. Qc6 Qxa2 19. Ba3 Rfc8 20. Qa6 Rc4 21. Qd6 Rbc8 $1 (
21... Qa1+ 22. Kd2 Rxd4+ 23. Ke2 Nf4+ 24. Kf3 Rxd6 25. Rxa1 $16) 22. Qe5 Nb6 $3
23. Kd2 (23. Qe4 Rxd4 24. Qxd4 Nc4 25. c3 Nxa3 26. bxa3 Rb8 27. Qb4 Rxb4 28.
axb4 a5 $17) 23... Rxc2+ 24. Ke1 Rc1 (24... Nc4 25. Qe4 Nxa3 26. Nxc2 Nxc2+ 27.
Kf1 Qxb2 28. g3 $11) 25. Ke2 R8c3 $5 (25... R1c3 26. Ke1 Rc1 $11) 26. Rd3 $1
Rxd3 27. Rxc1 Rxa3 28. Nxe6 $1 fxe6 29. Rc7 Nd7 30. Rc8+ $1 (30. Rxd7 Qc4+)
30... Kf7 31. Qf4+ Kg6 (31... Nf6 $4 32. Qc7+ Kg6 33. Qc2+ Kf7 34. bxa3 $18)
32. Qg4+ (32. Qe4+ $4 Kh5 $1 $19) 32... Kf7 (32... Kh7 $4 33. Qe4+ g6 34. Qd4
$18) 33. Qf4+ $11) 16. Nf5 $1 {It is worthy to add, that otherwise Black would
be already better!} Rd7 (16... exf5 17. Rxd8+ Bxd8 18. Re1+ $18) 17. Qc8+ Rd8
18. Nxg7+ 1-0